[Event "Vienna op 14th"]
[Site "Vienna"]
[Date "2003.08.16"]
[Round "1"]
[White "Grabner, Johann"]
[Black "Ranits, Franz"]
[Result "0-1"]
[WhiteElo "2040"]
[BlackElo "2261"]
[PlyCount "71"]
[EventDate "2003.08.16"]
[EventType "swiss"]
[EventRounds "9"]
[EventCountry "AUT"]
[SourceTitle "CBM 095 Extra"]
[Source "ChessBase"]
[SourceDate "2003.09.04"]
[SourceVersion "1"]
[SourceVersionDate "2003.09.04"]
[SourceQuality "1"]

1. d4 g6 2. e4 Bg7 3. Nc3 c6 4. Nf3 d5 5. Be2 Bg4 6. exd5 cxd5 7. Ne5 Bxe2 8. Qxe2 e6 9. Qb5+ Nd7 10. Bf4 Qc8 11. 0-0 Ne7 12. Rfe1 a6 13. Qe2 0-0 14. Rad1 Nc6 15. Qe3 Ndxe5 16. Bxe5 Bxe5 17. dxe5 d4 18. Rxd4 Nxd4 19. Qxd4 Kg7 20. Qh4 Qd8 21. Qg3 Rc8 22. Qf3 Qe7 23. Qe2 Rfd8 24. Ne4 Rd5 25. Nf6 Rdc5 26. c3 b5 27. Qe3 Rc4 28. Qh3 h6 29. Qe3 b4 30. Ne4 bxc3 31. Nxc3 Qb4 32. Qd2 Rb8 33. Qd3 Rd4 34. Qe3 Rbd8 35. Qf3 Qxb2 36. Qf6+ 0-1

[Event "AUT-chT2O 0203"]
[Site "Austria"]
[Date "2003.03.08"]
[Round "10.6"]
[White "Rogetzer, Klaus"]
[Black "Ranits, Franz"]
[Result "0-1"]
[WhiteElo "2135"]
[BlackElo "2209"]
[PlyCount "120"]
[EventDate "2002.10.25"]
[EventType "team-tourn"]
[EventRounds "11"]
[EventCountry "AUT"]
[SourceTitle "EXT 2020"]
[Source "ChessBase"]
[SourceDate "2019.10.17"]
[SourceVersion "1"]
[SourceVersionDate "2019.10.17"]
[SourceQuality "1"]
[WhiteTeam "Wien Austria"]
[BlackTeam "Lackenbach"]
[WhiteTeamCountry "AUT"]
[BlackTeamCountry "AUT"]

1. d4 g6 2. c4 Bg7 3. Nc3 d6 4. e4 Nc6 5. Be3 e5 6. d5 Nce7 7. Qd2 f5 8. f3 Nf6 9. Bd3 0-0 10. 0-0-0 c5 11. Nge2 a6 12. Rdg1 Bd7 13. exf5 Nxf5 14. Bg5 b5 15. h4 bxc4 16. Bb1 Nd4 17. h5 Bf5 18. hxg6 Bxb1 19. Kxb1 hxg6 20. Ne4 Nxe4 21. fxe4 Qd7 22. Nc3 Qf7 23. Nd1 Rab8 24. Qc3 Qd7 25. Qe1 Qg4 26. Qe3 Qe2 27. Qxe2 Nxe2 28. Re1 Nd4 29. Be7 Rf7 30. Bxd6 Rc8 31. Ne3 c3 32. bxc3 Nb5 33. Nc4 Rf2 34. Rhf1 Nxc3+ 35. Kc1 Nxa2+ 36. Kd1 Nc3+ 37. Kc1 Rxf1 38. Rxf1 Nxe4 39. Bxe5 Rd8 40. Re1 Nf6 41. d6 Nd7 42. Bxg7 Kxg7 43. Re7+ Kf6 44. g4 Nf8 45. Ra7 Ke6 46. Rxa6 Kd5 47. Ne3+ Ke4 48. Nc4 Kd4 49. Na5 Kd5 50. Nb7 Rd7 51. Rb6 Ne6 52. Kd2 Ng5 53. Ke3 Nf7 54. Rb1 Nxd6 55. Nxd6 Rxd6 56. Kf4 c4 57. Rc1 Kd4 58. Rd1+ Kc5 59. Rc1 Re6 60. Kg5 Kb4 0-1

[Event "AUT-chT2O 0203"]
[Site "Austria"]
[Date "2003.01.25"]
[Round "6.6"]
[White "Ranits, Franz"]
[Black "Zsifkovits, Robert"]
[Result "1-0"]
[WhiteElo "2209"]
[BlackElo "2109"]
[PlyCount "45"]
[EventDate "2002.10.25"]
[EventType "team-tourn"]
[EventRounds "11"]
[EventCountry "AUT"]
[SourceTitle "EXT 2020"]
[Source "ChessBase"]
[SourceDate "2019.10.17"]
[SourceVersion "1"]
[SourceVersionDate "2019.10.17"]
[SourceQuality "1"]
[WhiteTeam "Lackenbach"]
[BlackTeam "Tschaturanga"]
[WhiteTeamCountry "AUT"]
[BlackTeamCountry "AUT"]

1. e4 c5 2. c3 e6 3. d4 cxd4 4. cxd4 d5 5. e5 Nc6 6. Nf3 f6 7. Bd3 fxe5 8. Nxe5 Nxe5 9. dxe5 Qc7 10. 0-0 g6 11. Nc3 Bd7 12. Bf4 a6 13. Rc1 Qa5 14. a3 Nh6 15. Qb3 Rb8 16. Nxd5 exd5 17. e6 Ba4 18. Bxg6+ hxg6 19. Qg3 Rg8 20. Bxh6 Bc6 21. Qxb8+ Qd8 22. Qf4 Qe7 23. Bg5 1-0

[Event "AUT-chT2O 0203"]
[Site "Austria"]
[Date "2002.10.09"]
[Round "11.6"]
[White "Leber, Franz"]
[Black "Ranits, Franz"]
[Result "1-0"]
[WhiteElo "2148"]
[BlackElo "2209"]
[PlyCount "87"]
[EventDate "2002.10.25"]
[EventType "team-tourn"]
[EventRounds "11"]
[EventCountry "AUT"]
[SourceTitle "EXT 2020"]
[Source "ChessBase"]
[SourceDate "2019.10.17"]
[SourceVersion "1"]
[SourceVersionDate "2019.10.17"]
[SourceQuality "1"]
[WhiteTeam "Gols Raiba"]
[BlackTeam "Lackenbach"]
[WhiteTeamCountry "AUT"]
[BlackTeamCountry "AUT"]

1. d4 Nf6 2. c4 g6 3. Nc3 d5 4. Nf3 Bg7 5. Bf4 c5 6. dxc5 Qa5 7. cxd5 Nxd5 8. Qxd5 Bxc3+ 9. Bd2 Be6 10. Bxc3 Qxc3+ 11. Qd2 Qxc5 12. Qd4 Qxd4 13. Nxd4 Bd5 14. Rc1 Nc6 15. Nxc6 Bxc6 16. e3 0-0 17. f3 Rac8 18. e4 Kg7 19. Be2 Rfd8 20. Rd1 Ba4 21. Rxd8 Rxd8 22. b3 Bc6 23. Bc4 Kf6 24. Ke2 g5 25. Ke3 e6 26. Rc1 h5 27. b4 Rd6 28. Be2 h4 29. b5 Be8 30. Rc8 Ke7 31. Ra8 Rb6 32. a4 a6 33. a5 Rd6 34. bxa6 bxa6 35. Rxa6 Rd7 36. Rb6 Rc7 37. a6 Rc3+ 38. Kd4 Ra3 39. Rb7+ Kf6 40. e5+ Kg7 41. Kc5 Ba4 42. Kb6 Bb3 43. a7 Bd5 44. Ba6 1-0

[Event "AUT-chT2O 0102"]
[Site "Austria"]
[Date "2001.11.18"]
[Round "5.5"]
[White "Steiner, Johann"]
[Black "Ranits, Franz"]
[Result "0-1"]
[WhiteElo "2131"]
[BlackElo "2208"]
[PlyCount "150"]
[EventDate "2001.11.??"]
[EventType "team"]
[EventRounds "11"]
[EventCountry "AUT"]
[SourceTitle "EXT 2003"]
[Source "ChessBase"]
[SourceDate "2002.11.25"]
[SourceVersion "1"]
[SourceVersionDate "2002.11.25"]
[SourceQuality "1"]

1. e4 Nf6 2. Nc3 d5 3. exd5 Nxd5 4. Bc4 Nb6 5. Bb3 Nc6 6. Nf3 Bf5 7. d3 e6 8. a3 Bg4 9. h3 Bh5 10. Be3 Be7 11. Qe2 Bf6 12. g4 Bg6 13. g5 Bxc3+ 14. bxc3 Bh5 15. Bd2 Qd6 16. Qe4 0-0-0 17. Nd4 Nxd4 18. cxd4 Qxd4 19. Qxd4 Rxd4 20. Bc3 Rh4 21. Bxg7 Rg8 22. Be5 Bf3 23. Rg1 Rxh3 24. Kd2 Nd7 25. Bd4 Nb6 26. Rae1 Bd5 27. c4 Bxc4 28. Bxc4 Nxc4+ 29. dxc4 Rd8 30. Re4 c5 31. Rgg4 Rxa3 32. Rh4 Rxd4+ 33. Rxd4 cxd4 34. Rf4 Ra5 35. Rxf7 Rxg5 36. Rxh7 Rf5 37. Kd3 e5 38. Re7 Rxf2 39. Rxe5 Rf4 40. Re7 a6 41. c5 Kb8 42. Kc4 Kc8 43. Rh7 a5 44. Rh8+ Kc7 45. Rh7+ Kc6 46. Rh6+ Kc7 47. Rh7+ Kb8 48. Rh3 a4 49. Rd3 Kc7 50. Kb5 Re4 51. Ra3 Re1 52. Rxa4 Rd1 53. Kc4 d3 54. Kc3 Kc6 55. Rb4 Rc1+ 56. Kxd3 Rxc5 57. Rb1 b5 58. Rb2 Kd5 59. Rh2 Rc4 60. Rh6 Kc5 61. Rh5+ Kb4 62. Rd5 Ka4 63. Rd8 Rc6 64. Rb8 b4 65. Kd2 Ka3 66. Rb7 b3 67. Rb8 Kb2 68. Ra8 Rd6+ 69. Ke3 Kc2 70. Rc8+ Kb1 71. Rb8 b2 72. Ra8 Rd5 73. Ra7 Kc2 74. Rc7+ Kb3 75. Rb7+ Kc3 0-1

[Event "AUT-chT2O 0102"]
[Site "Austria"]
[Date "2001.11.17"]
[Round "4.5"]
[White "Ranits, Franz"]
[Black "Monschein, Wolfgang"]
[Result "1/2-1/2"]
[WhiteElo "2208"]
[BlackElo "2117"]
[PlyCount "82"]
[EventDate "2001.11.??"]
[EventType "team"]
[EventRounds "11"]
[EventCountry "AUT"]
[SourceTitle "EXT 2003"]
[Source "ChessBase"]
[SourceDate "2002.11.25"]
[SourceVersion "1"]
[SourceVersionDate "2002.11.25"]
[SourceQuality "1"]

1. e4 c6 2. d4 d5 3. Nc3 dxe4 4. Nxe4 Nd7 5. Nf3 Ngf6 6. Nxf6+ Nxf6 7. Ne5 Bf5 8. Be2 e6 9. g4 Bg6 10. h4 Qd5 11. Rg1 h5 12. Nxg6 fxg6 13. Qd3 0-0-0 14. g5 Nd7 15. Bf4 e5 16. dxe5 Nxe5 17. Qxd5 Rxd5 18. c4 Nd3+ 19. Kf1 Rd7 20. Be3 Bc5 21. Bxd3 Bxe3 22. fxe3 Rxd3 23. Ke2 Rd7 24. Rad1 Re7 25. Rd3 Rhe8 26. Rf1 Re4 27. Rf7 R8e7 28. Rxe7 Rxe7 29. Rd4 Kc7 30. Kf3 b6 31. b3 a5 32. Re4 Rf7+ 33. Rf4 Re7 34. a3 Kd6 35. b4 Re5 36. Rf7 Rf5+ 37. Rxf5 gxf5 38. Kf4 g6 39. e4 fxe4 40. Kxe4 c5 41. b5 a4 1/2-1/2